UBT Library

Developing web applications with web applications platforms: Case Study- Ticketing system in sharepoint 2010 (Record no. 45998)

000 -LEADER
fixed length control field 00352nam a22001217a 4500
008 - FIXED-LENGTH DATA ELEMENTS--GENERAL INFORMATION
fixed length control field 180518b xxu||||| |||| 00| 0 eng d
041 ## - LANGUAGE CODE
Language code of text/sound track or separate title eng
080 ## - UNIVERSAL DECIMAL CLASSIFICATION NUMBER
Universal Decimal Classification number 043.3
100 ## - Rafti
Rafti 0
101 ## - Shkurtesa
Shkurtesa SHKI-BTH
245 ## - TITLE STATEMENT
Title Developing web applications with web applications platforms: Case Study- Ticketing system in sharepoint 2010
Statement of responsibility, etc Kaçiu,A
942 ## - ADDED ENTRY ELEMENTS (KOHA)
Source of classification or shelving scheme
Item type Books
Holdings
Withdrawn status Lost status Source of classification or shelving scheme Damaged status Not for loan Collection code Permanent location Current location Shelving location Date acquired Total Checkouts Full call number Barcode Date last seen Price effective from Koha item type
          Koleksioni i përgjithshem UBT - Lipjan UBT - Lipjan Disertacionet 05/18/2018   043.3 Kaçiu,A 2014 002-30028484 05/18/2018 05/18/2018 Books
          Koleksioni i përgjithshem UBT - Lipjan UBT - Lipjan Disertacionet 05/18/2018   043.3 Kaçiu,A 2014 002-30028489 05/18/2018 05/18/2018 Books
          Koleksioni i përgjithshem UBT - Lipjan UBT - Lipjan Disertacionet 05/18/2018   043.3 Kaçiu,A 2014 002-3008494 05/18/2018 05/18/2018 Books
          Koleksioni i përgjithshem UBT - Lipjan UBT - Lipjan Disertacionet 05/18/2018   043.3 Kaçiu,A 2014 002-3008499 05/18/2018 05/18/2018 Books
UBT Library © 2015-2024. All rights reserved University Education for Business and Technology